Des tissus et des hommes : Damas, vers 1700 /

محفوظ في:

المؤلف الرئيسي: Establet, Colette (مؤلف)

مؤلفون آخرون: Pascual, Jean-Paul.

التنسيق: كتاب

اللغة: French

منشور في: Damas, Syrie : Institut français du proche-orient, 2005.

سلاسل: PIFD ; 206.

الموضوعات:

الوسوم: إضافة وسم

لا توجد وسوم, كن أول من يضع وسما على هذه التسجيلة!

رقم الطلب: GT525 .E78 2005

LEADER 00986namaa2200301 4500
001 24770
003 OSt
005 20250807092242.0
008 130303s2005 fr a g b 000 0 fre d
010 |a 2010331284 
020 |a 235159004X 
040 |c ARCE Library 
043 |a a-sy--- 
050 4 |a GT525 .E78 2005 
100 1 |a Establet, Colette,   |e author  |9 29688 
245 1 4 |a Des tissus et des hommes :   |b Damas, vers 1700 /   |c Colette Establet, Jean-Paul Pascual. 
264 1 |a Damas, Syrie :   |b Institut français du proche-orient,   |c 2005. 
300 |a 358 pages :   |b illustrations ;   |c 24 cm. 
490 1 |a PIFD ;   |v 206. 
504 |a Bibliography: p. [295]-310. 
650 0 |a Textile fabrics  |z Syria  |z Damascus  |x Social aspects. 
650 0 |a Textile industry  |z Syria  |z Damascus  |x History. 
651 0 |a Damascus (Syria)  |x Social conditions  |y 17th century. 
700 1 |a Pascual, Jean-Paul.  |9 37353 
830 0 |a PIFD ;   |v 206. 
901 |a reviewed 
942 |c BK  |2 lcc 
999 |c 23129  |d 23129